000 01106nam a22003257a 4500
003 CHAP
005 20220329135824.0
008 971013s1959 r 00010 d
010 _a42843
011 _a43815
035 _a47952
040 _cCHAP
090 _aTesis
100 0 0 _aPeña Rodríguez, Federico.
_986830
245 _aFotogrametría
_b: sus aplicaciones al establecimiento de zonas regables a los levantamientos agrológicos
260 _aChapingo, Méx. :
_bEl autor,
_c1959
300 _apág. varía
502 _aTesis (Ing. Agrónomo Esp. en Irrigación) -- ENA. Departamento de Irrigación
590 _aALEPH
_b10
_c20130110
_lUCH01
_h1311
590 _aBATCH-UPD
_b10
_c20130110
_lUCH01
_h1822
590 _aBATCH-UPD
_b10
_c20130410
_lUCH01
_h1156
590 _aBATCH-UPD
_b10
_c20130914
_lUCH01
_h1433
590 _aCONVERSION
_b10
_c20130109
_lUCH01
_h1324
650 1 4 _aFotogrametría.
_942720
901 _aBK
942 _cFOLL
949 _bBC
_cTES
_d-108795
_eTS1
_i47952
_si
949 _bBC
_cTES
_d-108796
_eTS2
_fc.2
_i47952
_si
949 _bBC
_cTES
_d-108797
_eTS2
_fc.3
_i47952
_si
999 _c42843
_d42843